| 000 | 00533cam a2200193 4500 | ||
|---|---|---|---|
| 008 | 090401t1987 xxu||||| |||| 00| 0 eng d | ||
| 020 | _a0862971187 | ||
| 035 | _a(Sirsi) u3838 | ||
| 041 | _aeng | ||
| 050 | _a306.2 | ||
| 110 |
_aNational Federation of Housing Associations _9959 |
||
| 245 | _aStandards for housing management | ||
| 260 |
_aLondon _bNational Federation of Housing Associati _c1987 |
||
| 300 | _ax,86p. : ill. ; 30cm. | ||
| 350 | _a10.5 | ||
| 650 | _aHOUSING ASSOCIATIONS | ||
| 942 | _n0 | ||
| 948 | _c04/03/1997 | ||
| 999 |
_c85944 _d85944 |
||